[Event "Sao Bento do Sul op 5th"]
[Site "Sao Bento do Sul"]
[Date "2015.09.06"]
[Round "5"]
[White "Moraes, Maurino Anastacio"]
[Black "Da Silva, Janderson Rossi"]
[Result "0-1"]
[WhiteElo "1651"]
[BlackElo "1855"]
[PlyCount "49"]
[EventDate "2015.09.04"]
[EventType "swiss"]
[EventRounds "6"]
[EventCountry "BRA"]
[SourceTitle "EXT 2016"]
[Source "ChessBase"]
[SourceDate "2015.10.08"]
[SourceVersion "1"]
[SourceVersionDate "2015.10.08"]
[SourceQuality "1"]

1. e4 e5 2. Nf3 Nf6 3. Nc3 Nc6 4. Bc4 Bc5 5. 0-0 0-0 6. d3 h6 7. h3 d6 8. Be3 Bb6 9. Nd5 Be6 10. c3 Bxd5 11. Bxd5 Nxd5 12. exd5 Ne7 13. Bxb6 axb6 14. c4 Nf5 15. Re1 Qf6 16. Qe2 c6 17. dxc6 bxc6 18. b4 Ra3 19. Qe4 c5 20. b5 Rfa8 21. Re2 R8a7 22. Rd2 Ne7 23. Nh2 Qg5 24. Nf3 Qf5 25. g4 0-1

[Event "Matinhos Caioba op"]
[Site "Matinhos"]
[Date "2015.08.15"]
[Round "4"]
[White "Da Silva, Janderson Rossi"]
[Black "Cadilhac, Igor Tokuichi Kikuc"]
[Result "0-1"]
[WhiteElo "1849"]
[BlackElo "2126"]
[PlyCount "86"]
[EventDate "2015.08.14"]
[EventType "swiss"]
[EventRounds "6"]
[EventCountry "BRA"]
[SourceTitle "EXT 2016"]
[Source "ChessBase"]
[SourceDate "2015.10.08"]
[SourceVersion "1"]
[SourceVersionDate "2015.10.08"]
[SourceQuality "1"]

1. e4 c5 2. Nc3 Nc6 3. Bb5 Nd4 4. Bc4 g6 5. Nf3 Bg7 6. 0-0 e6 7. d3 Ne7 8. Bg5 h6 9. Be3 Nec6 10. Nd2 0-0 11. f4 Rb8 12. a4 a6 13. Nf3 b5 14. axb5 axb5 15. Bb3 Nxb3 16. cxb3 d6 17. g4 Nd4 18. Bxd4 cxd4 19. Ne2 e5 20. f5 d5 21. Nd2 Qg5 22. Ng3 Bb7 23. Qe2 Rfc8 24. Rfc1 Bf8 25. Rxc8 Rxc8 26. Nf3 Qxg4 27. Nxe5 Qxe2 28. Nxe2 dxe4 29. fxg6 fxg6 30. Ra7 exd3 31. Nxd3 Be4 32. Nf2 Bc5 33. Rd7 Bc6 34. Rxd4 Bxd4 35. Nxd4 Bd7 36. Nd3 Kg7 37. Kf2 Kf6 38. Ke3 Re8+ 39. Kf3 Bg4+ 40. Kf2 Kg5 41. Nc5 Kh4 42. Nd3 g5 43. Ne1 Kh3 0-1

[Event "Matinhos Caioba op"]
[Site "Matinhos"]
[Date "2015.08.14"]
[Round "2"]
[White "Da Silva, Janderson Rossi"]
[Black "Calcado, Acyr Rogerio"]
[Result "0-1"]
[WhiteElo "1849"]
[BlackElo "2138"]
[PlyCount "58"]
[EventDate "2015.08.14"]
[EventType "swiss"]
[EventRounds "6"]
[EventCountry "BRA"]
[SourceTitle "EXT 2016"]
[Source "ChessBase"]
[SourceDate "2015.10.08"]
[SourceVersion "1"]
[SourceVersionDate "2015.10.08"]
[SourceQuality "1"]

1. e4 e5 2. Nf3 Nc6 3. d4 exd4 4. Bc4 Nf6 5. e5 d5 6. Bb5 Ne4 7. Nxd4 Bd7 8. Bxc6 bxc6 9. 0-0 Bc5 10. Be3 Bb6 11. f3 Ng5 12. Qd2 h6 13. Nb3 0-0 14. Nc3 Bf5 15. Nd4 Bxd4 16. Bxd4 Ne6 17. Bf2 Qg5 18. Qxg5 hxg5 19. Rac1 d4 20. Ne4 Bxe4 21. fxe4 c5 22. Rcd1 Rab8 23. b3 a5 24. Be1 a4 25. Bd2 c4 26. Rf3 c3 27. Bc1 Rb5 28. Ba3 Ra8 29. Rdf1 axb3 0-1

[Event "Parana-ch"]
[Site "Curitiba"]
[Date "2015.01.30"]
[Round "5"]
[White "Chemin, Vitorio"]
[Black "Da Silva, Janderson Rossi"]
[Result "1-0"]
[WhiteElo "2180"]
[BlackElo "1742"]
[PlyCount "35"]
[EventDate "2015.01.28"]
[EventType "swiss"]
[EventRounds "8"]
[EventCountry "BRA"]
[SourceTitle "CBM 164 Extra"]
[Source "ChessBase"]
[SourceDate "2015.03.02"]
[SourceVersion "1"]
[SourceVersionDate "2015.03.02"]
[SourceQuality "1"]

1. e4 c5 2. c3 d5 3. exd5 Qxd5 4. d4 cxd4 5. cxd4 Nc6 6. Nf3 Bg4 7. Nc3 Qa5 8. d5 Rd8 9. Qb3 Bxf3 10. gxf3 Nd4 11. Qxb7 Nf6 12. Be3 Nc2+ 13. Kd2 Nxe3 14. fxe3 Rxd5+ 15. Kc2 Rd6 16. Bb5+ Nd7 17. Rad1 Qb6 18. Bxd7+ 1-0

[Event "Parana-ch"]
[Site "Curitiba"]
[Date "2015.01.29"]
[Round "3"]
[White "Choma, Ernani Francisco"]
[Black "Da Silva, Janderson Rossi"]
[Result "1-0"]
[WhiteElo "2369"]
[BlackElo "1742"]
[PlyCount "65"]
[EventDate "2015.01.28"]
[EventType "swiss"]
[EventRounds "8"]
[EventCountry "BRA"]
[SourceTitle "CBM 164 Extra"]
[Source "ChessBase"]
[SourceDate "2015.03.02"]
[SourceVersion "1"]
[SourceVersionDate "2015.03.02"]
[SourceQuality "1"]

1. Nf3 d5 2. c4 e6 3. g3 Nf6 4. Bg2 dxc4 5. Qc2 Be7 6. Ne5 0-0 7. 0-0 Qd4 8. Nxc4 Rd8 9. d3 Nd5 10. Nc3 Na6 11. a3 Bf6 12. Ne4 Nb6 13. Be3 Qd7 14. Nxf6+ gxf6 15. b4 Nd5 16. Bh6 c6 17. Qb2 e5 18. f4 b5 19. Nd2 Ne3 20. Ne4 Qe7 21. fxe5 Nxg2 22. Nxf6+ Kh8 23. Kxg2 Qe6 24. g4 Nc7 25. h3 c5 26. bxc5 Bb7+ 27. Kg3 Qc6 28. Rf2 Ne6 29. Be3 a5 30. d4 Qc7 31. Qc2 Nf8 32. Rf5 Qc6 33. Rg1 1-0

[Event "Curitiba Terzian Memorial op"]
[Site "Curitiba"]
[Date "2014.11.02"]
[Round "6"]
[White "Da Silva, Janderson Rossi"]
[Black "Lorensetti, Jesse Emanoel"]
[Result "0-1"]
[WhiteElo "1756"]
[BlackElo "1794"]
[PlyCount "44"]
[EventDate "2014.10.31"]
[EventType "swiss"]
[EventRounds "6"]
[EventCountry "BRA"]
[SourceTitle "EXT 2015"]
[Source "ChessBase"]
[SourceDate "2014.11.20"]
[SourceVersion "1"]
[SourceVersionDate "2014.11.20"]
[SourceQuality "1"]

1. e4 d5 2. exd5 Qxd5 3. d4 e5 4. Nf3 exd4 5. Qxd4 Qxd4 6. Nxd4 Bc5 7. Nb3 Bb6 8. Bd3 Be6 9. 0-0 Nd7 10. Nc3 Nc5 11. Nxc5 Bxc5 12. Bf4 0-0-0 13. Na4 Bd6 14. Be3 b6 15. Ba6+ Kb8 16. Rfd1 Ne7 17. Nc3 Nf5 18. Bd2 Be5 19. Bd3 Nd6 20. a4 Nc4 21. Bxc4 Bxc4 22. b3 Rxd2 0-1

[Event "Curitiba CC 76 Anniversary"]
[Site "Curitiba"]
[Date "2014.02.01"]
[Round "3"]
[White "Santana, Expedito"]
[Black "Da Silva, Janderson Rossi"]
[Result "0-1"]
[WhiteElo "1693"]
[BlackElo "1794"]
[PlyCount "66"]
[EventDate "2014.01.31"]
[EventType "swiss"]
[EventRounds "6"]
[EventCountry "BRA"]
[SourceTitle "CBM 158 Extra"]
[Source "ChessBase"]
[SourceDate "2014.02.28"]
[SourceVersion "1"]
[SourceVersionDate "2014.02.28"]
[SourceQuality "1"]

1. b4 d5 2. Bb2 e6 3. a3 Nf6 4. d3 c5 5. Bc3 Qb6 6. Bxf6 gxf6 7. c3 a5 8. bxc5 Bxc5 9. d4 Qb2 10. Nd2 Be7 11. a4 0-0 12. Qc1 Qxc1+ 13. Rxc1 Bd7 14. Ra1 Rc8 15. Nb1 Rc4 16. e3 Rxa4 17. Rxa4 Bxa4 18. Bd3 Nd7 19. Nf3 b5 20. 0-0 e5 21. e4 dxe4 22. Bxe4 Rc8 23. Bf5 Rc7 24. dxe5 Nxe5 25. Nd4 Bc5 26. Bc2 Bxc2 27. Nxc2 Nc4 28. Nd4 Bxd4 29. cxd4 Rd7 30. Rd1 b4 31. Rd3 a4 32. Nd2 Nxd2 33. Rxd2 a3 0-1